000 00739nam a2200229Ia 4500
001 588
003 GE_BSU
008 181216s||||||||xx |||||||||||||| ||und||
020 _a9789941018411
040 _cGE_BSU
080 _a336.02
100 _aთურმანიძე,ა
245 _aსაბიუჯეტო საგადასახადო პოლიტიკა
245 _cრედ. რეზო მანველიძე
260 _aთბილისი
260 _bსაზოგადოება ცოდნა
260 _c2009
300 _a57გვ.
541 _h4ლ.
653 _aსაბიუჯეტო საგადასახადო პოლიტიკა
942 _cBK
999 _c34778
_d34778